[Event "Moscow4"]
[Site "Moscow"]
[Date "1995.??.??"]
[Round "8"]
[White "Fominyh, Alexander"]
[Black "Moskalenko, Viktor"]
[Result "1/2-1/2"]
[WhiteElo "2520"]
[BlackElo "2525"]

1.d4 Nf6 2.c4 c6 3.Nc3 d5 4.Nf3 a6 5.e3 b5 6.b3 Bg4 7.Be2 Nbd7 8.O-O e6 9.h3 Bxf3
10.Bxf3 bxc4 11.bxc4 Bd6 12.Qc2 O-O 13.Rd1  1/2-1/2

[Event "New York Marshall"]
[Site "New York"]
[Date "1995.??.??"]
[Round "4"]
[White "Bonin, Jay R"]
[Black "Young, Angelo"]
[Result "0-1"]
[WhiteElo "2380"]
[BlackElo "2435"]

1.d4 Nf6 2.c4 c6 3.Nc3 d5 4.Nf3 a6 5.e3 g6 6.Bd3 Bg7 7.O-O O-O 8.Bd2 dxc4
9.Bxc4 b5 10.Be2 Nbd7 11.Qc2 Qc7 12.Rac1 Bb7 13.e4 e5 14.Nd5 Nxd5 15.exd5 Rfc8
16.Qb3 exd4 17.dxc6 Bxc6 18.Ng5 Ne5 19.Bf4 Qe7 20.Rfe1 h6 21.Bg4 Bd7 22.Bxd7 Rxc1
23.Rxc1 hxg5 24.Bxe5 Qxd7 25.Bxg7 Kxg7 26.h3 Rd8 27.Qd3 Qd5 28.b3 Rd7 29.Kf1 Qe5
30.Re1 Qh2 31.f3 Qc7 32.Rd1 Qc5 33.Kg1 a5 34.a4 b4 35.Kh2 Qe5+ 36.Kg1 Qc5
37.Qb5 Qd5 38.Qxd5 Rxd5 39.Kf2 Kf6 40.Rc1 d3 41.Ke3 d2 42.Rd1 Ke5 43.g3 Rd4
44.h4 gxh4 45.f4+ Kd5 46.gxh4 f5  0-1

[Event "Nikolaev zt"]
[Site "Nikolaev"]
[Date "1995.??.??"]
[Round "2"]
[White "Mukhnik, L."]
[Black "Krivoshey, Sergei"]
[Result "0-1"]
[WhiteElo "2250"]
[BlackElo "2420"]

1.d4 d5 2.c4 c6 3.Nf3 Nf6 4.Nc3 a6 5.a4 g6 6.e3 Bg7 7.Be2 O-O 8.O-O c5 9.dxc5 dxc4
10.Qxd8 Rxd8 11.Bxc4 Nbd7 12.Rd1 Rf8 13.Ra3 Nxc5 14.b4 Be6 15.Bxe6 Nxe6 16.Ne2 Rfc8
17.Rad3 Ne4 18.Nd2 Nd6 19.Nb3 b5 20.a5 Rc2 21.Ned4 Nxd4 22.Nxd4 Bxd4 23.Rxd4 Rac8
24.Bd2 f5 25.Be1 R8c4 26.R4d2 Rxd2 27.Rxd2 Kf7 28.Rd3 Ke6 29.Kf1 Rc2 30.f3 Rb2
31.Bc3 Rb3 32.Ke2 Nc4 33.h3 Nb2 34.Bxb2 Rxb2+ 35.Kf1 Rxb4 36.Rd8 Ra4 37.Rb8 Rxa5
38.Rb6+ Kf7 39.Kf2 Ra4 40.Kg3 b4 41.Kf4 a5 42.g4 fxg4 43.hxg4 b3+  0-1

[Event "Nikolaev zt"]
[Site "Nikolaev"]
[Date "1995.??.??"]
[Round "3"]
[White "Borovikov, Vladislav"]
[Black "Koutsin, Sergey"]
[Result "1-0"]
[WhiteElo "2485"]
[BlackElo "2435"]

1.d4 d5 2.c4 c6 3.Nf3 Nf6 4.Nc3 a6 5.Ne5 Nbd7 6.Bf4 e6 7.e3 Nxe5 8.Bxe5 Be7
9.Bd3 b5 10.cxd5 cxd5 11.O-O O-O 12.a4 bxa4 13.Nxa4 a5 14.Qe2 Bd6 15.f4 Bb4
16.Rac1 Ne8 17.Qh5 g6 18.Rf3 f6 19.Bxg6 hxg6 20.Qxg6+ Ng7 21.Rc7 Bd7 22.Nb6 Qe8
23.Qh6 Nf5 24.Rg3+ Nxg3 25.Nxd7 Qh5 26.Nxf6+  1-0

[Event "Nikolaev zt"]
[Site "Nikolaev"]
[Date "1995.??.??"]
[Round "9"]
[White "Brodsky, Michail"]
[Black "Koutsin, Sergey"]
[Result "1-0"]
[WhiteElo "2535"]
[BlackElo "2435"]

1.c4 Nf6 2.Nf3 c6 3.Nc3 d5 4.d4 a6 5.a4 e6 6.g3 dxc4 7.Bg2 c5 8.dxc5 Qxd1+
9.Nxd1 Bxc5 10.Be3 Bb4+ 11.Bd2 Nc6 12.Ne3 c3 13.bxc3 Bc5 14.Nc4 Ne4 15.O-O Ke7
16.Rab1 Rd8 17.Be1 f6 18.Nd4 Nxd4 19.Bxe4 Nf5 20.Bxb7 Rb8 21.Na5 Bd7 22.Ra1 Bb6
23.Nc6+ Bxc6 24.Bxc6 Nd6 25.Bd2 Nc4 26.Bf4 e5 27.Bc1 Ba5 28.Be4 g6 29.Bd3 Rdc8
30.Bh6 Bxc3 31.Rab1 Na3 32.Rxb8 Rxb8 33.Rc1 Ba5 34.Rc6 Bb4 35.Bg7 Bd6 36.Bxf6+ Ke6
37.Rxa6  1-0

[Event "NLD-chT9596"]
[Site "?"]
[Date "1995.??.??"]
[Round "?"]
[White "Peek, Marcel"]
[Black "Zagema, Wieb"]
[Result "1-0"]
[WhiteElo "2335"]
[BlackElo "2400"]

1.d4 d5 2.c4 c6 3.Nf3 Nf6 4.Nc3 a6 5.e3 g6 6.Be2 Bg7 7.O-O O-O 8.Bd2 Ne4
9.Qb3 Nxd2 10.Nxd2 dxc4 11.Nxc4 b5 12.Nd2 e5 13.dxe5 Bxe5 14.Nf3 Bg7 15.a4 Be6
16.Qc2 b4 17.Ne4 Bd5 18.Nc5 Nd7 19.Rfd1 Nxc5 20.Qxc5 Re8 21.Rd2 Bf8 22.Qc1 Qf6
23.Qf1 a5 24.Rc1 h5 25.Nd4 Rad8 26.Qd1 c5 27.Nf3 Bb7 28.Rcc2 Bd6 29.Bc4 Bc8
30.b3 Bf5 31.Bd3 Bg4 32.h3 Bc8 33.Bc4 g5 34.Ne1 g4 35.Rd5 Be5 36.Rcd2 Rxd5
37.Rxd5 gxh3 38.Qxh5 h2+ 39.Kh1 Qxf2 40.Qg5+ Bg7 41.Nf3 Bb7 42.Rd2 Qxe3 43.Bxf7+ Kf8
44.Bxe8 Qxg5 45.Nxg5 Kxe8 46.Re2+ Kd7 47.Ne6 c4 48.Nc5+ Kc6 49.Nxb7 Kxb7
50.Re7+ Kc6 51.Rxg7 cxb3 52.Rg3 Kc5 53.Rxb3 Kc4 54.Rb1 b3 55.g4  1-0

[Event "JUG-ch"]
[Site "Novi Sad"]
[Date "1995.??.??"]
[Round "?"]
[White "Barlov, Dragan"]
[Black "Simic, Radoslav"]
[Result "0-1"]
[WhiteElo "2485"]
[BlackElo "2485"]

1.d4 d5 2.c4 c6 3.Nc3 Nf6 4.Nf3 a6 5.c5 Nbd7 6.Bf4 Nh5 7.Bd2 g6 8.e4 dxe4
9.Nxe4 Bg7 10.Bc4 O-O 11.O-O Ndf6 12.Nxf6+ Nxf6 13.h3 Bf5 14.Qb3 Qc7 15.Ne5 Nd5
16.Rfe1 Rad8 17.Qa3 Qc8 18.Ba5 Rde8 19.Bxd5 cxd5 20.Qb3 Be6 21.Qb6 Bd7 22.Re3 Bc6
23.Rae1 e6 24.Qc7 Qxc7 25.Bxc7 Rc8 26.Bd6 Rfd8 27.Rf3 Bxe5 28.Bxe5 f5 29.Rb3 Kf7
30.Rb6 g5 31.Re3 Rd7 32.Ra3 Bb5 33.Ra5 Rc6 34.Raxb5 axb5 35.Rxb5 Ra6 36.a3 f4
37.Kf1 Kg6 38.Ke2 Kf5 39.Kd3 h5 40.Rb4 g4 41.h4 Rc6 42.Rb5 Ra6 43.Rb3 Rc6
44.Rc3 b6 45.cxb6 Rxb6 46.b3 f3 47.g3 Ra7 48.a4 Rab7 49.Kc2 Rb4 50.Rd3 Ke4
51.Re3+ Kf5 52.Bh8 Kg6 53.Be5 Kf5 54.Rc3 Kg6 55.Rd3 R4b6 56.Kb2 Ra6 57.Ka3 Rc6
58.Kb2 Rc4 59.a5 Ra4 60.Rc3 Rxa5 61.Rc8 Rab5 62.Rc3 R5b6 63.Bf4 Ra7 64.Rc8 Kf5
65.Be5 Ke4 66.Rc1  0-1

[Event "JUG-ch"]
[Site "Novi Sad"]
[Date "1995.??.??"]
[Round "?"]
[White "Ristic, Nenad"]
[Black "Simic, Radoslav"]
[Result "0-1"]
[WhiteElo "2395"]
[BlackElo "2485"]

1.d4 d5 2.c4 c6 3.Nf3 Nf6 4.Nc3 a6 5.c5 g6 6.Bf4 Nbd7 7.h3 Bg7 8.e3 O-O 9.Be2 b6
10.cxb6 Qxb6 11.Qc2 c5 12.O-O Qa7 13.Rfd1 Bb7 14.Rac1 Rac8 15.Ne5 cxd4 16.exd4 Nxe5
17.dxe5 Ne4 18.Be3 Qb8 19.f4 g5 20.fxg5 Bxe5 21.Bd3 Bf4 22.Re1 Bxe3+ 23.Rxe3 d4
24.Rxe4 Bxe4 25.Bxe4 dxc3 26.Bxh7+ Kg7 27.bxc3 Rfd8 28.Be4 Qf4 29.Rf1 Qe3+
30.Qf2 Qxf2+ 31.Rxf2 Rxc3 32.Bc2 Rd4 33.Bb3 e6 34.Kh2 Rc5 35.g6 Kxg6 36.Rf3 a5
37.Rg3+ Kf6 38.Rf3+ Rf5 39.Rg3 a4 40.Bc2  0-1

[Event "CZE-ch"]
[Site "Olomouc"]
[Date "1995.??.??"]
[Round "?"]
[White "Neumann, Peter"]
[Black "Fuksik, Jakub"]
[Result "0-1"]
[WhiteElo "2145"]
[BlackElo "2165"]

1.d4 d5 2.c4 c6 3.Nf3 Nf6 4.Nc3 a6 5.c5 Nbd7 6.g3 g6 7.Bg2 Bg7 8.O-O O-O
9.h3 Re8 10.Qc2 e5 11.dxe5 Nxe5 12.Nxe5 Rxe5 13.Bf4 Re8 14.Rad1 Nh5 15.Bd6 f5
16.Rfe1 Nf6 17.Bf4 Be6 18.Be5 Bf7 19.Bd4 Qe7 20.Na4 Rad8 21.b3 Ne4 22.Bxg7 Kxg7
23.Qb2+ Qe5 24.Qxe5+ Rxe5 25.Rd4 Rde8 26.e3 g5 27.Bf3 Bg6 28.Bxe4 Rxe4 29.Rxe4 Rxe4
30.f3 Re8 31.Kf2 Kf6 32.f4 Bh5 33.Nc3 Rd8 34.Rc1 gxf4 35.gxf4 d4 36.exd4 Rxd4
37.Ke3 Rd8 38.Rg1 Re8+ 39.Kd2 Rd8+ 40.Ke3 Re8+ 41.Kf2 Rd8 42.Rg5 Bf7 43.Ke3 Re8+
44.Kd2 Rd8+ 45.Kc2 h6 46.Rg2 Rd4 47.Ne2 Rd5 48.b4 Rd8 49.a3 Re8 50.Kd2 a5
51.Nc3 axb4 52.axb4 Bc4 53.Ne2 Ra8 54.Nd4 Ra2+ 55.Nc2 Bd5 56.Re2 Be4 57.Kc3 Bxc2
58.Rxc2 Ra3+ 59.Kc4 Rf3 60.Rd2 Rxf4+ 61.Kb3 Re4 62.Kc3 f4 63.Rd8 Kg5 64.Rf8 Kh4
65.Rf7 Kxh3 66.Rxb7 f3 67.Rf7 Kg3 68.Rf6 f2 69.Kd3 Rxb4  0-1

[Event "Orel"]
[Site "Orel"]
[Date "1995.??.??"]
[Round "4"]
[White "Dyachkov, Sergej"]
[Black "Chekhov, Valery A"]
[Result "1/2-1/2"]
[WhiteElo "2490"]
[BlackElo "2500"]

1.d4 d5 2.c4 c6 3.Nf3 Nf6 4.Nc3 a6 5.e3 b5 6.cxd5 cxd5 7.Bd2 e6 8.Ne5 Nbd7
9.Rc1 Nxe5 10.dxe5 Nd7 11.f4 Nc5 12.b4 Ne4 13.Nxe4 dxe4 14.a4 Qd5 15.axb5 axb5
16.Be2 Bd7 17.Kf2 Be7 18.Bc3 Qb7 19.Qd2 O-O 20.Bd4 Rfc8 21.Rxc8+ Rxc8 22.Ra1 Qd5
23.Qb2 Kf8 24.Rd1 Qb7 25.Bc5 Bxc5 26.bxc5 b4 27.Qd4 Bc6 28.Ra1 Ra8 29.Rxa8+ Qxa8
30.Qxb4 g6 31.Qb6 h5 32.g3 Kg7 33.h4 Qe8 34.Qc7 Qa8 35.Qb6 Qe8 36.Qb4 Qa8
37.Qb2 Qa4 38.Kg2 Qa5 39.Qc2 Qe1 40.Qd1 Qc3 41.Qd4 Qc2 42.Qc4 Qd2 43.Kf2 Bd5
44.Qd4 Qc2 45.Ke1 Qc1+ 46.Kf2 Qc2 47.Qb4 Kh7 48.Qd4  1/2-1/2

[Event "Pardubice op"]
[Site "Pardubice"]
[Date "1995.??.??"]
[Round "?"]
[White "Tunik, Gennady"]
[Black "Krivoshey, Sergei"]
[Result "1-0"]
[WhiteElo "2515"]
[BlackElo "2420"]

1.d4 d5 2.c4 c6 3.Nf3 Nf6 4.Nc3 a6 5.c5 Nbd7 6.Bf4 Nh5 7.Be3 g6 8.h3 Bg7
9.g4 Nhf6 10.Bg2 Qc7 11.Qd2 O-O 12.Bf4 Qd8 13.Ne5 a5 14.Rd1 a4 15.O-O h5
16.f3 Qa5 17.e3 hxg4 18.hxg4 Nh7 19.Nd3 e5 20.Bxe5 Bxe5 21.dxe5 Nxc5 22.Nf2 Re8
23.f4 Nf8 24.Bf3 b5 25.Kg2 b4 26.Ne2 b3 27.a3 Qxd2 28.Rxd2 Ba6 29.e4 Bxe2
30.Bxe2 Nfd7 31.g5 Ra5 32.Ng4 Nxe4 33.Rd4 Ndc5 34.Rb4 Kg7 35.Rb6 Rc8 36.Nf6 Kf8
37.Bg4 Rd8 38.Rxc6 Nd3 39.Rh1 Ra7 40.Rh8+  1-0

[Event "Pardubice op"]
[Site "Pardubice"]
[Date "1995.??.??"]
[Round "?"]
[White "Babula, Vlastimil"]
[Black "Krivoshey, Sergei"]
[Result "1-0"]
[WhiteElo "2530"]
[BlackElo "2420"]

1.d4 d5 2.c4 c6 3.Nf3 Nf6 4.Nc3 a6 5.c5 Nbd7 6.Qc2 g6 7.Bg5 Bg7 8.e3 O-O
9.Be2 Ne4 10.Bh4 f5 11.Nd2 h6 12.Ncxe4 dxe4 13.O-O-O g5 14.Bg3 e5 15.h4 g4
16.dxe5 Qe7 17.Nc4 Nxc5 18.Nb6 Rb8 19.Rd6 Nd7 20.Nxd7 Bxd7 21.e6 Be8 22.Rhd1 Kh8
23.R6d2 Rc8 24.Bd6 Qxe6 25.Bxf8 Bxf8 26.Rd8 Rxd8 27.Rxd8 Kh7 28.Bc4 Qe7 29.Qd2 b5
30.Bb3 c5 31.Qd5 c4 32.Qxf5+ Kg7 33.Qxg4+ Kh7 34.Qc8 cxb3 35.Rxe8 bxa2 36.Rxe7+ Bxe7
37.Qxa6  1-0

[Event "Paris op"]
[Site "Paris"]
[Date "1995.??.??"]
[Round "?"]
[White "Varga, Peter"]
[Black "Lukasiewicz, Grzegorz"]
[Result "1-0"]
[WhiteElo "2440"]
[BlackElo "2355"]

1.d4 d5 2.c4 c6 3.Nf3 Nf6 4.Nc3 a6 5.a4 g6 6.Bf4 Bg7 7.e3 O-O 8.h3 c5 9.dxc5 Qa5
10.Qb3 Ne4 11.Be5 Nxc5 12.Qa3 Nc6 13.Bxg7 Kxg7 14.cxd5 Nb4 15.O-O-O Bf5 16.Ne1 Rfc8
17.Rd4 b5 18.Qxb4 Qxb4 19.Rxb4 bxa4 20.Nc2 Ne4 21.Nxe4  1-0

[Event "WchT U26"]
[Site "Parnaiba"]
[Date "1995.??.??"]
[Round "?"]
[White "Tabernig, Bernhard"]
[Black "Sammalvuo, Tapani"]
[Result "1-0"]
[WhiteElo "2275"]
[BlackElo "2310"]

1.d4 d5 2.c4 c6 3.Nf3 Nf6 4.Nc3 a6 5.c5 g6 6.Bf4 Bg7 7.e3 O-O 8.h3 Nbd7 9.Be2 Ne8
10.b4 Nc7 11.O-O Re8 12.Bh2 e5 13.Qb3 exd4 14.exd4 Ne6 15.Rfd1 a5 16.b5 Qf6
17.bxc6 bxc6 18.Nxd5 cxd5 19.Qxd5 Ra7 20.Bb5 Nc7 21.Bxc7 Rxc7 22.Qa8 Qf4
23.Re1 Rf8 24.c6 Nf6 25.Qxa5 Nd5 26.Rad1 Bxh3 27.Bc4 Qg4 28.Nh4 Nf4 29.Qxc7 Bxg2
30.Qxf4 Qxf4 31.Nxg2 Qd6 32.d5 Be5 33.Re4 Qf6 34.Rxe5 Qxe5 35.d6 Qc5 36.Bd5 Rd8
37.d7 Kf8 38.Ne3 Ke7 39.Bf3 f5 40.Rd2 f4 41.Rc2 Qg5+ 42.Ng2 Rxd7 43.cxd7 Kxd7
44.Rc4  1-0

[Event "PER-ch43"]
[Site "PER"]
[Date "1995.??.??"]
[Round "2"]
[White "Miguel, Fernando"]
[Black "Cruz, Filemon"]
[Result "1/2-1/2"]
[WhiteElo "2305"]
[BlackElo "2405"]

1.d4 d5 2.c4 c6 3.Nf3 Nf6 4.Nc3 a6 5.c5 Nbd7 6.Bf4 Nh5 7.e3 Nxf4 8.exf4 g6
9.Bd3 Bg7 10.O-O O-O 11.Qc2 Re8 12.Rfe1 Qc7 13.g3 Nf8 14.b4 f6 15.h4 Bg4
16.Nh2 Bd7 17.Nf3  1/2-1/2

[Event "Portoroz op"]
[Site "Portoroz"]
[Date "1995.??.??"]
[Round "?"]
[White "Kozul, Zdenko"]
[Black "Sale, Srdjan"]
[Result "1/2-1/2"]
[WhiteElo "2570"]
[BlackElo "2390"]

1.d4 d5 2.c4 c6 3.Nf3 Nf6 4.Nc3 a6 5.g3 g6 6.Bg2 Bg7 7.O-O dxc4 8.Ne5 Ng4
9.Bf4 Nxe5 10.Bxe5 Bxe5 11.dxe5 Qxd1 12.Raxd1 Nd7 13.f4 Nc5 14.Kf2 Bd7 15.Rd4 b5
16.Rfd1 O-O-O 17.Ne4 Nxe4+ 18.Bxe4 Kc7 19.Ke3 f5 20.Bf3 Be6 21.Rxd8 Rxd8
22.Rxd8 Kxd8 23.Kd4 b4 24.Bxc6 Kc7 25.Ba4 Kb6 26.Bc2 a5 27.a4 bxa3 28.bxa3 Kb5
29.h3 Bf7 30.e3 Be6 31.Bd1 Bf7 32.g4 fxg4 33.hxg4 h5 34.gxh5 gxh5 35.f5 h4
36.Bg4 Ka4 37.e6 Be8 38.Kc3 Bc6 39.Kxc4 Kxa3 40.Kc3 a4 41.f6 exf6 42.e7 Ka2
43.Kc2 Ka3  1/2-1/2

[Event "Portoroz op"]
[Site "Portoroz"]
[Date "1995.??.??"]
[Round "?"]
[White "Tukmakov, Vladimir B"]
[Black "Blees, Albert"]
[Result "1-0"]
[WhiteElo "2585"]
[BlackElo "2410"]

1.d4 Nf6 2.Nf3 d5 3.c4 c6 4.Nc3 a6 5.c5 Nbd7 6.Bf4 g6 7.h3 Bg7 8.e3 O-O 9.Be2 Ne4
10.O-O f6 11.Nxe4 dxe4 12.Nd2 f5 13.Nc4 h6 14.Rc1 g5 15.Bh2 a5 16.f3 exf3
17.Rxf3 Qe8 18.Qd3 e6 19.Rcf1 a4 20.Nd6 Qd8 21.g4 f4 22.exf4 b6 23.Qe4 Nf6
24.Qg6 bxc5 25.fxg5 hxg5 26.Be5  1-0

[Event "CZE Moravia-ch"]
[Site "Prerov"]
[Date "1995.??.??"]
[Round "4"]
[White "Klima, Lukas"]
[Black "Fuksik, Jakub"]
[Result "1/2-1/2"]
[WhiteElo "2235"]
[BlackElo "2185"]

1.d4 d5 2.c4 c6 3.Nc3 Nf6 4.Nf3 a6 5.e3 Bg4 6.Qb3 Bc8 7.a4 e6 8.Bd3 Be7 9.O-O O-O
10.Rd1 Nbd7 11.e4 dxe4 12.Nxe4 Nxe4 13.Bxe4 Qc7 14.Be3 Nf6 15.Bc2 Bd7 16.Rac1 Rab8
17.Bg5 Qd8 18.Bf4 Rc8 19.Ne5 b5 20.Nxd7 Qxd7 21.Be5 bxc4 22.Qxc4 a5 23.Qc3 Qa7
24.Qh3 h6 25.Rd3 Rfd8 26.Rg3 Kf8 27.Rf3 c5 28.g4 Rxd4 29.g5 Rg4+ 30.Rg3 Rxg3+
31.hxg3 Ng8 32.g6 Nf6 33.gxf7 Kxf7 34.Bxf6 Bxf6 35.Re1 Qb6 36.Qg4 Rc6 37.Bg6+ Kf8
38.Bh5 Qd8 39.Rxe6 Rxe6 40.Qxe6 g6 41.Bxg6 Qe7 42.Qd5 Bxb2 43.Qf5+  1/2-1/2

[Event "CZE Moravia-ch"]
[Site "Prerov"]
[Date "1995.??.??"]
[Round "6"]
[White "Chytilek, Roman"]
[Black "Fuksik, Jakub"]
[Result "1-0"]
[WhiteElo "2315"]
[BlackElo "2185"]

1.d4 d5 2.c4 c6 3.Nf3 Nf6 4.Nc3 a6 5.a4 e6 6.Bg5 Be7 7.e3 O-O 8.Qc2 Nbd7
9.cxd5 cxd5 10.Bd3 h6 11.Bh4 Nb8 12.O-O Nc6 13.Qe2 Bd7 14.Rac1 Rc8 15.Bb1 Nb4
16.Ne5 Qe8 17.f4 Nh7 18.Bxe7 Qxe7 19.g4 Rfd8 20.g5 hxg5 21.Bxh7+ Kxh7 22.Qh5+ Kg8
23.fxg5 Be8 24.Rf3 g6 25.Qh4 Qf8 26.Nxg6 fxg6 27.Rxf8+ Kxf8 28.Qh7 Rd7 29.Rf1+ Rf7
30.Qh8+  1-0

[Event "Riga op"]
[Site "Riga"]
[Date "1995.??.??"]
[Round "?"]
[White "Tunik, Gennady"]
[Black "Rogozenko, Dorin"]
[Result "1/2-1/2"]
[WhiteElo "2530"]
[BlackElo "2440"]

1.d4 d5 2.c4 c6 3.Nc3 Nf6 4.Nf3 a6 5.cxd5 cxd5 6.Bf4 Nc6 7.e3 Bg4 8.Be2 e6
9.Qb3 Bxf3 10.Bxf3 Na5 11.Qc2 Bd6 12.Bg5 O-O 13.O-O Rc8 14.Qd3 h6 15.Bh4 Be7
16.Rfc1 Nd7 17.Bg3 Nb6 18.Ne2 Qd7 19.h3 Nc6 20.Qd1 Nc4 21.b3 Na3 22.e4 Nb4
23.exd5 exd5 24.Rxc8 Rxc8 25.Rc1 Bg5 26.Rxc8+ Qxc8  1/2-1/2

[Event "Rishon Le Ziyyon YM-IM"]
[Site "Rishon Le Ziyyon"]
[Date "1995.??.??"]
[Round "8"]
[White "Tyomkin, Dimitri"]
[Black "Kundin, Alexander"]
[Result "1-0"]
[WhiteElo "2320"]
[BlackElo "2205"]

1.d4 d5 2.c4 c6 3.Nf3 Nf6 4.Nc3 a6 5.c5 g6 6.Bf4 Nh5 7.Bd2 Bg7 8.g3 O-O 9.Bg2 Nd7
10.O-O e5 11.dxe5 Nxe5 12.Nxe5 Bxe5 13.e4 dxe4 14.Nxe4 Nf6 15.Bh6 Re8 16.Nd6 Re7
17.Nc4 Bg4 18.Qxd8+ Rxd8 19.Rfe1 Rde8 20.h3 Bf5 21.g4 Bc2 22.Nxe5 Rxe5 23.Rxe5 Rxe5
24.f3 Nd7 25.Rc1 Bd3 26.Rd1 Rd5 27.f4 Be4 28.Re1 f5 29.Bxe4 fxe4 30.Rxe4 Rd1+
31.Kg2 Kf7 32.Bg5 Nxc5 33.Re7+ Kg8 34.b4 Nd3 35.Bh6 Nc1 36.Rg7+ Kh8 37.Rxb7 Rd8
38.f5 Ne2 39.f6 Nd4 40.f7 Ne6 41.Re7 Nf8 42.Re8  1-0

[Event "Sala op"]
[Site "Sala"]
[Date "1995.??.??"]
[Round "2"]
[White "Salai, Ladislav"]
[Black "Belan, Jozef"]
[Result "1-0"]
[WhiteElo "2425"]
[BlackElo "2215"]

1.d4 d5 2.c4 c6 3.Nc3 Nf6 4.Nf3 a6 5.cxd5 cxd5 6.g3 e6 7.Bg2 b5 8.Ne5 Bb7
9.O-O Be7 10.Qb3 Nbd7 11.f4 O-O 12.Be3 Nb6 13.a4 b4 14.Nd1 Rc8 15.Nf2 Nc4
16.Rac1 Na5 17.Qd3 Qb6 18.g4 Rxc1 19.Rxc1 Rc8 20.Rxc8+ Bxc8 21.g5 Ne8 22.f5 exf5
23.Bxd5 Be6 24.Bg2 f4 25.Bxf4 Nd6 26.d5 Bf5 27.e4 Bc8 28.Be3 Qc7 29.Qd4 Ndc4
30.Nc6 Bd6 31.Nxa5 Nxa5 32.Qb6 Bxh2+ 33.Kh1 Nc4 34.Qxc7 Bxc7 35.Bc5 Nxb2
36.Bxb4 Nxa4 37.Nd3 Bb6 38.Ne5 Bc5 39.Ba5 Kf8 40.Bf3 Ke8 41.Bh5 g6 42.Bd1 Nb2
43.Bb3 Bd4 44.Bc7 Bb7 45.Kg2 a5 46.Kf3 a4 47.Ba2 Ba6 48.Nc6 Bc3 49.Be5 Nd1
50.d6 Bb7 51.Bxf7+ Kd7 52.Nb8+ Kd8 53.Bf6+ Bxf6 54.gxf6 Nc3 55.Bxg6 Nb5 56.f7 Nd4+
57.Ke3 Ne6 58.Bf5 Nf8 59.e5 a3 60.e6  1-0

[Event "San Sebastian op"]
[Site "San Sebastian"]
[Date "1995.??.??"]
[Round "3"]
[White "Culma, Ruben"]
[Black "Barkhagen, Jonas"]
[Result "0-1"]
[WhiteElo "2070"]
[BlackElo "2400"]

1.d4 d5 2.Nf3 Nf6 3.c4 c6 4.Nc3 a6 5.g3 dxc4 6.a4 e6 7.Bg2 c5 8.O-O cxd4
9.Nxd4 Bc5 10.Nc2 Qc7 11.Bg5 Nbd7 12.Ne3 O-O 13.Bf4 e5 14.Ned5 Qd8 15.Bg5 h6
16.Nxf6+ Nxf6 17.Qxd8 Rxd8 18.Bxf6 gxf6 19.Rfd1 Rxd1+ 20.Rxd1 Be6 21.Bxb7 Rb8
22.Bxa6 Rxb2 23.e3 Bb4 24.Nd5 Bxd5 25.Rxd5 c3 26.Rd8+ Kg7 27.Rc8 c2 28.Kg2 Bd2  0-1

[Event "Sitges op"]
[Site "Sitges"]
[Date "1995.??.??"]
[Round "7"]
[White "Luft, Andreas"]
[Black "Marin Ionescu, Luiza"]
[Result "1-0"]
[WhiteElo "2315"]
[BlackElo "2170"]

1.d4 d5 2.c4 c6 3.Nf3 Nf6 4.Nc3 a6 5.e3 b5 6.b3 Bg4 7.h3 Bxf3 8.Qxf3 e5 9.dxe5 Bb4
10.Bd2 Qa5 11.exf6 Bxc3 12.Rd1 bxc4 13.fxg7 Rg8 14.bxc4 Nd7 15.cxd5 cxd5
16.Bc4 Nb6 17.Bxd5 Nxd5 18.Qe4+ Kd7 19.Bxc3 Qxc3+ 20.Ke2 Rad8 21.Rxd5+ Kc7
22.Qe7+  1-0

[Event "CRO-ch"]
[Site "Slavonski Brod"]
[Date "1995.??.??"]
[Round "?"]
[White "Cebalo, Miso"]
[Black "Jukic, Branimir"]
[Result "1-0"]
[WhiteElo "2570"]
[BlackElo "2415"]

1.d4 Nf6 2.Nf3 d5 3.c4 c6 4.Nc3 a6 5.c5 Nbd7 6.Bf4 g6 7.h3 Bg7 8.e3 b6 9.cxb6 Qxb6
10.b3 Ne4 11.Rc1 Qb4 12.Qc2 c5 13.Be2 Bb7 14.O-O Nxc3 15.Qxc3 Qxc3 16.Rxc3 O-O
17.Rfc1 Rfc8 18.Ne5 cxd4 19.Rxc8+ Rxc8 20.Rxc8+ Bxc8 21.Nxd7 Bxd7 22.Bxa6 e5
23.Bg3 dxe3 24.fxe3 f5 25.Bb7 d4 26.exd4 exd4 27.Kf2 Kf7 28.Bd5+ Be6 29.Bc4 Bxc4
30.bxc4 Ke6 31.Ke2 Bf8 32.Kd3 Bc5 33.Bf4 Kf6 34.a4 g5 35.Bc7 f4 36.a5  1-0

[Event "CRO-ch"]
[Site "Slavonski Brod"]
[Date "1995.??.??"]
[Round "?"]
[White "Sulava, Nenad"]
[Black "Loncar, Robert"]
[Result "1/2-1/2"]
[WhiteElo "2420"]
[BlackElo "2385"]

1.d4 d5 2.c4 c6 3.Nf3 Nf6 4.Nc3 a6 5.c5 Nbd7 6.Bf4 g6 7.e3 Bg7 8.h3 O-O 9.b4 Ne8
10.Rc1 Nc7 11.Bd3 Re8 12.O-O e5 13.Nxe5 Nxe5 14.Bxe5 Bxe5 15.dxe5 Rxe5 16.e4 dxe4
17.Bxe4 Qe8 18.f4 Re7 19.a4 Be6 20.f5 Bc4 21.Rf4 Rd8 22.Qg4 Nd5 23.Bxd5 cxd5
24.Kh2 Re3 25.Qg5 Re5 26.Rd1 Rc8 27.a5 Rc6 28.Qh4 Qb8 29.Qg3 Rf6 30.Rfd4 Rfxf5
31.Nxd5 Bxd5 32.Rxd5 Qc7 33.Rd8+ Kg7 34.R8d7 Qc6 35.R1d6 Qe4 36.Rd4 Qe2 37.Rxb7 Rg5
38.Qf3 Qxf3 39.gxf3 Re2+ 40.Kh1 Re1+ 41.Kh2 Re2+ 42.Kh1 Rgg2 43.Rf4 Rh2+
44.Kg1 Reg2+ 45.Kf1 Rf2+  1/2-1/2

[Event "Sollentuna op"]
[Site "Sollentuna"]
[Date "1995.??.??"]
[Round "7"]
[White "Hellborg, Teodor"]
[Black "Hellsten, Johan"]
[Result "0-1"]
[WhiteElo "2215"]
[BlackElo "2420"]

1.d4 d5 2.c4 c6 3.Nf3 Nf6 4.Nc3 a6 5.e3 b5 6.b3 Bg4 7.Qc2 e6 8.Ne5 Bf5 9.Bd3 Bxd3
10.Qxd3 Nbd7 11.Nxc6 bxc4 12.bxc4 Qc7 13.cxd5 exd5 14.Ne5 Bb4 15.Bd2 Nxe5
16.dxe5 Qxe5 17.O-O Bd6 18.g3 O-O 19.Rab1 Qe6 20.Kg2 Be5 21.Rfd1 Rac8 22.Ne2 h5
23.h4 Rc4 24.Bc3 Rfc8 25.Bxe5 Qxe5 26.Nf4 Rc2 27.Nxd5 Ne4 28.Nf4 Nxf2 29.Qd5 Ng4+  0-1

[Event "Wch U14"]
[Site "St Lorenzo"]
[Date "1995.??.??"]
[Round "1"]
[White "Merino Garcia, Rafael"]
[Black "Kundin, Alexander"]
[Result "1-0"]
[WhiteElo "2240"]
[BlackElo "2220"]

1.d4 d5 2.Nf3 Nf6 3.c4 c6 4.Nc3 a6 5.a4 e6 6.Bg5 h6 7.Bh4 Nbd7 8.e3 Be7 9.Bd3 dxc4
10.Bxc4 Nd5 11.Bxe7 Qxe7 12.O-O Nxc3 13.bxc3 O-O 14.e4 e5 15.Qb3 Rb8 16.a5 c5
17.d5 Nf6 18.Nd2 Qc7 19.Rfb1 Bg4 20.h3 Bh5 21.Qb6 Qe7 22.d6 Qd7 23.Nb3 Rfd8
24.Nxc5 Qxd6 25.Qxd6 Rxd6 26.Nxb7 Rc6 27.Bf1 Ne8 28.Rb4 Nc7 29.c4 f5 30.Rab1 Be8
31.c5 Kf8 32.Bc4 Nb5 33.Bxb5 axb5 34.Rxb5 Bd7 35.Rb6 Ke7 36.a6 Ra8 37.Ra1 Ra7
38.Ra5 Ra8 39.a7 Rc7 40.Raa6 Bc8 41.c6 Be6 42.Nc5 Bc8 43.Rb8 Bxa6 44.Rxa8 Rxc6
45.Re8+ Kxe8 46.a8=Q+ Rc8 47.Qxa6 Rxc5 48.Qe6+  1-0

[Event "St Petersburg-ch"]
[Site "St Petersburg"]
[Date "1995.??.??"]
[Round "4"]
[White "Sakaev, Konstantin"]
[Black "Karasev, Vladimir I"]
[Result "1/2-1/2"]
[WhiteElo "2535"]
[BlackElo "2405"]

1.d4 d5 2.Nf3 Nf6 3.c4 c6 4.Nc3 a6 5.Bg5 dxc4 6.a4 h6 7.Bh4 e6 8.e3 b5 9.axb5 cxb5
10.Bxf6 gxf6 11.Nxb5 axb5 12.Rxa8 Bb4+ 13.Nd2 Bb7 14.Ra1  1/2-1/2

[Event "Chigorin mem"]
[Site "St Petersburg"]
[Date "1995.??.??"]
[Round "9"]
[White "Ionov, Sergey"]
[Black "Burmakin, Vladimir"]
[Result "0-1"]
[WhiteElo "2525"]
[BlackElo "2500"]

1.d4 d5 2.c4 c6 3.Nf3 Nf6 4.Nc3 a6 5.Bg5 dxc4 6.a4 Nd5 7.a5 Bf5 8.Nd2 h6
9.Bh4 g5 10.Bg3 Bg7 11.e4 Nxc3 12.bxc3 Bg6 13.Qa4 O-O 14.Qxc4 e5 15.dxe5 Re8
16.Bd3 Nd7 17.Nf3 Bh5 18.Nd4 Nxe5 19.Bxe5 Rxe5 20.O-O Rxa5 21.Rab1 b5 22.Qc5 Bf8
23.Qf5 Bg6 24.Qf3 Ra3 25.Rbc1 Qc7 26.g3 Rd8 27.Nf5 g4 28.Qe2 Qe5 29.Nd4 Qe8
30.Qc2 b4 31.Ne2 b3 32.Qb1 Rxd3 33.Qxd3 Qxe4  0-1

[Event "Stockholm op"]
[Site "Stockholm"]
[Date "1995.??.??"]
[Round "3"]
[White "Malmstig, Erik"]
[Black "Barkhagen, Jonas"]
[Result "1/2-1/2"]
[WhiteElo "2160"]
[BlackElo "2405"]

1.d4 d5 2.c4 c6 3.Nc3 Nf6 4.Nf3 a6 5.cxd5 cxd5 6.Bf4 Nc6 7.e3 Bg4 8.h3 Bxf3
9.Qxf3 e6 10.Be2 Bd6 11.O-O O-O 12.Rfc1 Rc8 13.Na4 Ne4 14.Bxd6 Qxd6 15.Nc5 Nxc5
16.Rxc5 Nb8 17.Rac1 Rxc5 18.Rxc5 Nc6 19.Bf1 Rd8 20.g3 e5 21.Bg2 exd4 22.Rxd5 Qxd5  1/2-1/2

[Event "Stockholm"]
[Site "Stockholm"]
[Date "1995.??.??"]
[Round "9"]
[White "Ornstein, Axel"]
[Black "Sammalvuo, Tapani"]
[Result "1/2-1/2"]
[WhiteElo "2450"]
[BlackElo "2310"]

1.d4 d5 2.c4 c6 3.Nc3 Nf6 4.Nf3 a6 5.Ne5 Nbd7 6.Bf4 Nxe5 7.dxe5 Ne4 8.Nxe4 dxe4
9.Qxd8+ Kxd8 10.O-O-O+ Ke8 11.f3 e6 12.fxe4 c5 13.e3 Bd7 14.Bd3 Bc6 15.Bc2 Be7
16.h4 h5 17.Bg5 Bxg5 18.hxg5 Ke7 19.Rh4 Rad8 20.Rxd8 Rxd8 21.Rxh5 g6 22.Rh2 Rd7
23.g3 Rd8 24.b3 a5 25.Kb2 Ra8 26.Kc3 Rc8 27.Bd3 Ra8 28.a3 Kd7 29.Rh3 Ke7
30.Rh4 Kd7 31.Rh6 Ke7 32.Rh4 Kd7 33.Bb1 Ke7 34.Rh1 Kd7 35.Rh6 Ke7 36.Rh4 Kd7
37.Rh1 Ke7 38.Rh6 Kd7 39.Rh4 Ke7 40.Bc2 Kd7 41.Rh1 Ke7  1/2-1/2

[Event "Strumica"]
[Site "Strumica"]
[Date "1995.??.??"]
[Round "2"]
[White "Azmaiparashvili, Zurab"]
[Black "Kutirov, Rolando"]
[Result "1/2-1/2"]
[WhiteElo "2610"]
[BlackElo "2425"]

1.d4 d5 2.c4 c6 3.Nf3 Nf6 4.Nc3 a6 5.a4 e6 6.g3 Nbd7 7.Bg2 Bb4 8.O-O O-O
9.Qb3 a5 10.Rd1 b6 11.Ne5 Nxe5 12.dxe5 Nd7 13.cxd5 exd5 14.e4 d4 15.Rxd4 Qe7
16.f4 Bc5 17.Be3 Bxd4 18.Bxd4 Rb8  1/2-1/2

[Event "Strumica"]
[Site "Strumica"]
[Date "1995.??.??"]
[Round "14"]
[White "Azmaiparashvili, Zurab"]
[Black "Kutirov, Rolando"]
[Result "1/2-1/2"]
[WhiteElo "2610"]
[BlackElo "2425"]

1.d4 d5 2.c4 c6 3.Nf3 Nf6 4.Nc3 a6 5.a4 e6 6.a5 c5 7.cxd5 Nxd5 8.e4 Nxc3
9.bxc3 cxd4 10.cxd4 Nc6 11.Bd3 Bb4+ 12.Bd2 Bxa5 13.Bxa5 Nxa5 14.O-O  1/2-1/2